Saldo výdavkov a nákladov rozpočtového hospodáerenia a účtovanie obstarania dlhodobého hmotného a dlhodobého nehmotného majetku v priebehu 1 roka a ich odpisov

Salvato in:
Dettagli Bibliografici
Autore principale: Kovalčíková, Antónia
Natura: Capitolo di libro
Lingua:slovacco
Tags: Aggiungi Tag
Nessun Tag, puoi essere il primo ad aggiungerne!!

MARC

LEADER 00000naa$a2200000$$$4500
001 0066806
005 20240502071809.1
041 0 |a slo 
044 |a SK 
245 1 0 |a Saldo výdavkov a nákladov rozpočtového hospodáerenia a účtovanie obstarania dlhodobého hmotného a dlhodobého nehmotného majetku v priebehu 1 roka a ich odpisov  |c Antónia Kovalčíková 
100 1 |a Kovalčíková, Antónia